ER Characters By Relationships - Statistics

General Stats
  • This quiz has been taken 16 times
    14 since last reset
  • The average score is 16 of 60
Answer Stats
Answer % Correct
Carol Hathaway
89%
Doug Ross
89%
John Carter
89%
Luka Kovac
89%
Mark Greene
78%
Susan Lewis
78%
Abby Lockhart
67%
Elizabeth Corday
67%
Kerry Weaver
67%
Lucy Knight
67%
Peter Benton
67%
Carla Reese
44%
Cleo Finch
44%
Jeanie Boulet
44%
Jing-Mei Chen
44%
Robert Romano
44%
Cynthia Hooper
33%
Michael Gallant
33%
Neela Rasgotra
33%
Ray Barnett
33%
Tony Gates
33%
Abby Keaton
22%
Al Boulet
22%
Anna Del Amico
22%
Archie Morris
22%
Chuck Martin
22%
Chuny Marquez
22%
Div Cvetic
22%
Greg Pratt
22%
Harper Tracey
22%
Jennifer Greene
22%
John Taglieri
22%
Ray Shepard
22%
Sandy Lopez
22%
Wendall Meade
22%
Diane Leeds
11%
Kem Likasu
11%
Kim Legaspi
11%
Rena Trujillo
11%
Roxanne Please
11%
Simon Brenner
11%
Bettina Dejesus
0%
Cate Banfield
0%
Claudia Diaz
0%
Courtney Brown
0%
Danijela Kovac
0%
Ellis West
0%
Frank Bacon
0%
Greg Fischer
0%
Greg Powell
0%
Hope Bobeck
0%
Jake Scanlon
0%
Karen Hines
0%
Max Rocher
0%
Mlungisi
0%
Reggie Moore
0%
Richard Lockhart
0%
Russell Banfield
0%
Sam Taggert
0%
Steve Curtis
0%
No matching quizzes found
Score Distribution
Percent of People with Each Score
Percentile by Number Answered
Your Score History
You have not taken this quiz since the last reset